[Event "Hamburg-ch MA"]
[Site "Hamburg"]
[Date "2014.06.10"]
[Round "4"]
[White "Weiss, Siegfried"]
[Black "Tesch, David"]
[Result "1-0"]
[WhiteElo "2009"]
[BlackElo "1866"]
[PlyCount "104"]
[EventDate "2014.06.07"]
[EventType "swiss"]
[EventRounds "9"]
[EventCountry "GER"]
[SourceTitle "CBM 161 Extra"]
[Source "ChessBase"]
[SourceDate "2014.08.29"]
[SourceVersion "1"]
[SourceVersionDate "2014.08.29"]
[SourceQuality "1"]

1. Nf3 d5 2. d4 Nf6 3. Bf4 c5 4. e3 Nc6 5. h3 cxd4 6. exd4 Qb6 7. Bc1 Bf5 8. c3 h6 9. Nbd2 e6 10. Qb3 Qc7 11. Be2 a5 12. a4 Bd6 13. 0-0 0-0 14. Re1 e5 15. dxe5 Nxe5 16. Nxe5 Bxe5 17. Nf3 Rfe8 18. Be3 Be4 19. Nxe5 Qxe5 20. Bb5 Re6 21. Rad1 Qf5 22. Rd2 Qg6 23. Bf1 Rae8 24. Qd1 Bf5 25. Qf3 Be4 26. Qe2 Re5 27. Kh2 h5 28. g3 Ng4+ 29. Kg1 Nxe3 30. Qxe3 Bg2 31. Qxe5 Rxe5 32. Rxe5 Be4 33. h4 f6 34. Re7 Qf5 35. Bg2 Bxg2 36. Kxg2 b6 37. Rd4 Qb1 38. Rxd5 Qxb2 39. Rd8+ Kh7 40. Rdd7 Qxc3 41. Rxg7+ Kh6 42. Rh7+ Kg6 43. Rdg7+ Kf5 44. Rxh5+ Ke6 45. Rb5 Qd4 46. h5 Qe4+ 47. Kh2 Qd4 48. Kg1 Qxa4 49. Rxb6+ Kf5 50. Rgb7 Qd1+ 51. Kg2 Qd5+ 52. Kh2 Kg5 1-0

[Event "Oberliga Nord N 1314"]
[Site "Germany"]
[Date "2013.11.24"]
[Round "3.8"]
[White "Van Riesen, Klaus"]
[Black "Weiss, Siegfried"]
[Result "1-0"]
[WhiteElo "2057"]
[BlackElo "2074"]
[PlyCount "115"]
[EventDate "2013.10.13"]
[EventType "team-tourn"]
[EventRounds "9"]
[EventCountry "GER"]
[SourceTitle "EXT 2015"]
[Source "ChessBase"]
[SourceDate "2014.11.20"]
[SourceVersion "1"]
[SourceVersionDate "2014.11.20"]
[SourceQuality "1"]
[WhiteTeam "Pinneberg"]
[BlackTeam "Hamburger SK III"]
[WhiteTeamCountry "GER"]
[BlackTeamCountry "GER"]

1. e4 e6 2. d4 d5 3. e5 c5 4. c3 Nc6 5. Nf3 Qb6 6. a3 c4 7. Nbd2 Na5 8. Be2 Bd7 9. 0-0 Ne7 10. Rb1 Qc7 11. Qc2 Nc8 12. g3 Nb6 13. Ra1 Ba4 14. Qb1 0-0-0 15. Nh4 Be7 16. Ng2 h5 17. Nf3 Nb3 18. Ra2 Rdg8 19. Be3 g5 20. Nd2 f5 21. exf6 Bxf6 22. Nf3 h4 23. Ne5 hxg3 24. fxg3 Bxe5 25. dxe5 Be8 26. Bg4 Rh6 27. Rf6 Rxf6 28. exf6 Bf7 29. Qe1 Kb8 30. h4 Qc6 31. hxg5 e5 32. Nh4 Nc8 33. Qf2 Ka8 34. Qf5 d4 35. Bf2 e4 36. cxd4 Nd6 37. Qf4 Qd5 38. Be3 Nb5 39. Qf5 N5xd4 40. Qxd5 Bxd5 41. g6 Nf3+ 42. Bxf3 exf3 43. f7 f2+ 44. Kxf2 Bxf7 45. gxf7 Rf8 46. Nf3 Rxf7 47. g4 b5 48. g5 Kb7 49. g6 Rg7 50. Nh4 a5 51. Bh6 Rg8 52. g7 Kc6 53. Nf5 Kd7 54. Ke3 Re8+ 55. Kf4 Ke6 56. Kg5 Rc8 57. Kg6 Ke5 58. Ne7 1-0

[Event "Hamburg-ch MA"]
[Site "Hamburg"]
[Date "2013.05.25"]
[Round "8"]
[White "Bildat, Juergen"]
[Black "Weiss, Siegfried"]
[Result "0-1"]
[WhiteElo "2108"]
[BlackElo "2063"]
[PlyCount "82"]
[EventDate "2013.05.18"]
[EventType "swiss"]
[EventRounds "9"]
[EventCountry "GER"]
[SourceTitle "EXT 2022"]
[Source "ChessBase"]
[SourceDate "2021.10.06"]
[SourceVersion "1"]
[SourceVersionDate "2021.10.06"]
[SourceQuality "1"]

1. e4 e6 2. d4 d5 3. Nc3 Bb4 4. e5 c5 5. a3 Bxc3+ 6. bxc3 Qa5 7. Bd2 Qa4 8. Qg4 g6 9. Nf3 c4 10. Be2 Nc6 11. Ra2 Bd7 12. Qf4 h6 13. h4 Nce7 14. Nh2 h5 15. g4 hxg4 16. Nxg4 Nf5 17. Qg5 Qb5 18. Ra1 Qb2 19. Rc1 Qxa3 20. h5 Qe7 21. Nf6+ Nxf6 22. exf6 Qa3 23. Rg1 Rg8 24. Qf4 Qd6 25. Qf3 e5 26. dxe5 Qxe5 27. hxg6 0-0-0 28. Bf4 Qe6 29. Rg5 Rxg6 30. Rxg6 fxg6 31. Bg5 Re8 32. Kd2 Bc6 33. Bf1 d4 34. Qf4 b5 35. Ra1 b4 36. Rd1 bxc3+ 37. Kc1 Be4 38. Re1 Qa6 39. Kd1 Bxc2+ 40. Kxc2 Qa4+ 41. Kc1 Rxe1# 0-1

[Event "Hamburg-ch MA"]
[Site "Hamburg"]
[Date "2013.05.19"]
[Round "2"]
[White "Weiss, Siegfried"]
[Black "Schulenburg, Torben"]
[Result "0-1"]
[WhiteElo "2063"]
[BlackElo "2128"]
[PlyCount "76"]
[EventDate "2013.05.18"]
[EventType "swiss"]
[EventRounds "9"]
[EventCountry "GER"]
[SourceTitle "EXT 2022"]
[Source "ChessBase"]
[SourceDate "2021.10.06"]
[SourceVersion "1"]
[SourceVersionDate "2021.10.06"]
[SourceQuality "1"]

1. Nf3 d5 2. g3 Nc6 3. Bg2 e5 4. d3 Bg4 5. h3 Bh5 6. Nbd2 Nf6 7. e4 dxe4 8. dxe4 Bc5 9. Qe2 Qe7 10. c3 a5 11. a4 0-0 12. 0-0 Nd7 13. Re1 Nd8 14. Rb1 Nb6 15. b3 f6 16. Nf1 Ne6 17. Qc2 Rfd8 18. Nh4 Qd7 19. Ne3 Ng5 20. g4 Bf7 21. Rd1 Qc6 22. Nhf5 Rxd1+ 23. Qxd1 Bf8 24. c4 g6 25. Ng3 Kg7 26. Nd5 Ne6 27. Bb2 Bc5 28. h4 Nd4 29. Bxd4 Bxd4 30. Qf3 Nd7 31. g5 fxg5 32. hxg5 Rf8 33. Ne7 Qc5 34. Ngf5+ gxf5 35. exf5 Qxe7 36. f6+ Nxf6 37. Qh3 Ng8 38. Qh4 Bg6 0-1

[Event "Hamburg Seniors op 19th"]
[Site "Hamburg"]
[Date "2012.10.31"]
[Round "8"]
[White "Weiss, Siegfried"]
[Black "Soltau, Achim"]
[Result "1-0"]
[WhiteElo "2005"]
[BlackElo "1879"]
[PlyCount "93"]
[EventDate "2012.10.24"]
[EventType "swiss"]
[EventRounds "9"]
[EventCountry "GER"]
[SourceTitle "EXT 2015"]
[Source "ChessBase"]
[SourceDate "2014.11.20"]
[SourceVersion "1"]
[SourceVersionDate "2014.11.20"]
[SourceQuality "1"]

1. e3 Nf6 2. d4 g6 3. Nf3 Bg7 4. Nbd2 d5 5. Bd3 0-0 6. 0-0 b6 7. Qe2 c5 8. c3 Bb7 9. b3 Ne4 10. Bb2 Nd7 11. Rfd1 Qc7 12. Rac1 e5 13. Nf1 Rad8 14. c4 Qb8 15. cxd5 Bxd5 16. Bb5 exd4 17. exd4 Qa8 18. Ne3 Bb7 19. Ne5 Nxe5 20. dxe5 Ng5 21. Qg4 Ne6 22. Qh4 Rxd1+ 23. Rxd1 Rd8 24. Bd7 Bc6 25. Bxc6 Rxd1+ 26. Nxd1 Qxc6 27. Ne3 Qd7 28. Qe4 Bh6 29. Nd5 Kg7 30. Bc3 Bg5 31. g3 b5 32. h4 Bd8 33. Kg2 h5 34. Kf3 Qc6 35. Ke3 c4 36. bxc4 Qxc4 37. Qxc4 bxc4 38. f4 Bb6+ 39. Nxb6 axb6 40. Ke4 Kf8 41. Kd5 Ng7 42. Kxc4 Nf5 43. Be1 Ke7 44. Kb5 Kd7 45. Kxb6 Kc8 46. Bf2 Kb8 47. Kc6 1-0

[Event "Hamburg Seniors op 19th"]
[Site "Hamburg"]
[Date "2012.10.30"]
[Round "7"]
[White "Ditmas, Hugh"]
[Black "Weiss, Siegfried"]
[Result "0-1"]
[WhiteElo "1921"]
[BlackElo "2005"]
[PlyCount "143"]
[EventDate "2012.10.24"]
[EventType "swiss"]
[EventRounds "9"]
[EventCountry "GER"]
[SourceTitle "EXT 2015"]
[Source "ChessBase"]
[SourceDate "2014.11.20"]
[SourceVersion "1"]
[SourceVersionDate "2014.11.20"]
[SourceQuality "1"]

1. d4 e6 2. c4 f5 3. g3 Nf6 4. Bg2 Bb4+ 5. Nd2 0-0 6. Ngf3 c6 7. 0-0 Be7 8. b3 Qe8 9. Ne5 d5 10. Bb2 Nbd7 11. Ndf3 Ne4 12. Nxd7 Bxd7 13. Ne5 Bd6 14. Qc2 Rd8 15. f3 Ng5 16. e4 Qh5 17. cxd5 cxd5 18. exd5 Bxe5 19. dxe5 Bb5 20. Rf2 Rxd5 21. h4 f4 22. gxf4 Nf7 23. Bh3 Bd3 24. Bg4 Qh6 25. Qc1 Nd8 26. f5 Qxc1+ 27. Rxc1 Bxf5 28. Bxf5 Rxf5 29. Rc7 Rf7 30. Rxf7 Kxf7 31. Kg2 Kg6 32. Kg3 Kf5 33. Rc2 Nc6 34. Rc4 h5 35. Bc3 Rd3 36. b4 Rd7 37. a4 Ne7 38. Rf4+ Kg6 39. Rc4 Nd5 40. Bd4 b6 41. b5 Ne7 42. Bc3 Nd5 43. Bb2 Kf5 44. Rc8 Ne7 45. Rf8+ Kg6 46. Ra8 Nf5+ 47. Kh3 Rc7 48. Ba3 Rc3 49. Bd6 Rxf3+ 50. Kh2 Rf4 51. Rxa7 Rxh4+ 52. Kg2 Rd4 53. Bc7 Rg4+ 54. Kh2 Rh4+ 55. Kg1 Rb4 56. Bxb6 Kg5 57. Bd8+ Kg4 58. b6 Kf3 59. a5 Rg4+ 60. Kf1 Rd4 61. Ke1 Rxd8 62. a6 Ke3 63. Rd7 Rxd7 64. a7 Nd4 65. a8Q Nc2+ 66. Kf1 g5 67. Qa5 Rf7+ 68. Kg1 Nd4 69. Qa3+ Ke4 70. Qb2 Rb7 71. Qg2+ Nf3+ 72. Qxf3+ 0-1

[Event "Hamburg Seniors op 19th"]
[Site "Hamburg"]
[Date "2012.10.28"]
[Round "5"]
[White "Schulz, Hans Juergen"]
[Black "Weiss, Siegfried"]
[Result "0-1"]
[WhiteElo "1862"]
[BlackElo "2005"]
[PlyCount "70"]
[EventDate "2012.10.24"]
[EventType "swiss"]
[EventRounds "9"]
[EventCountry "GER"]
[SourceTitle "EXT 2015"]
[Source "ChessBase"]
[SourceDate "2014.11.20"]
[SourceVersion "1"]
[SourceVersionDate "2014.11.20"]
[SourceQuality "1"]

1. d4 e6 2. c4 f5 3. e4 fxe4 4. Nc3 Nf6 5. f3 exf3 6. Nxf3 Be7 7. Bd3 0-0 8. Qc2 d5 9. Bg5 h6 10. Bd2 Nc6 11. Ne2 Nb4 12. Bxb4 Bxb4+ 13. Nc3 dxc4 14. Bxc4 Nd5 15. Bxd5 exd5 16. 0-0-0 Bf5 17. Qb3 Bxc3 18. bxc3 Be4 19. Nd2 Bxg2 20. Rhg1 Rf2 21. c4 Qg5 22. h4 Qf4 23. Qxb7 Rd8 24. cxd5 Qxd4 25. Qxc7 Qa1+ 26. Kc2 Qxa2+ 27. Kc3 Qa3+ 28. Kd4 Rxd5+ 29. Kc4 Qd3+ 30. Kb4 a5+ 31. Ka4 Qb5+ 32. Ka3 Rd3+ 33. Ka2 Rdxd2+ 34. Rxd2 Rxd2+ 35. Ka3 Qb4# 0-1

[Event "Hamburg-ch MA"]
[Site "Hamburg"]
[Date "2012.05.27"]
[Round "2"]
[White "Weiss, Siegfried"]
[Black "Wenzel, Birger"]
[Result "0-1"]
[WhiteElo "2089"]
[BlackElo "2038"]
[PlyCount "76"]
[EventDate "2012.05.26"]
[EventType "swiss"]
[EventRounds "9"]
[EventCountry "GER"]
[SourceTitle "CBM 148 Extra"]
[Source "ChessBase"]
[SourceDate "2012.06.22"]
[SourceVersion "1"]
[SourceVersionDate "2012.06.22"]
[SourceQuality "1"]

1. Nf3 Nf6 2. g3 d5 3. Bg2 c6 4. d3 Bg4 5. Nbd2 Nbd7 6. 0-0 e5 7. e4 dxe4 8. dxe4 Bc5 9. Qe2 0-0 10. c3 b5 11. a4 Qb6 12. Re1 a5 13. h3 Bxf3 14. Bxf3 Rfe8 15. Nf1 Bf8 16. Bg5 h6 17. Be3 Nc5 18. Bxc5 Bxc5 19. axb5 cxb5 20. Ne3 Bxe3 21. Qxe3 Qc7 22. Be2 Reb8 23. Rac1 Nd7 24. Red1 Nf6 25. Rd2 Qc6 26. f3 Rd8 27. Kg2 Rxd2 28. Qxd2 Qb6 29. Rd1 b4 30. h4 b3 31. c4 a4 32. Qc3 Qa5 33. Qxa5 Rxa5 34. Rd8+ Kh7 35. Kf2 Ng8 36. Ke3 Ne7 37. Rd6 a3 38. bxa3 Nc8 0-1

[Event "Hamburg-ch MA"]
[Site "Hamburg"]
[Date "2012.05.26"]
[Round "1"]
[White "Hinrichs, Jan"]
[Black "Weiss, Siegfried"]
[Result "1-0"]
[WhiteElo "1978"]
[BlackElo "2089"]
[PlyCount "83"]
[EventDate "2012.05.26"]
[EventType "swiss"]
[EventRounds "9"]
[EventCountry "GER"]
[SourceTitle "CBM 148 Extra"]
[Source "ChessBase"]
[SourceDate "2012.06.22"]
[SourceVersion "1"]
[SourceVersionDate "2012.06.22"]
[SourceQuality "1"]

1. d4 e6 2. c4 f5 3. Nf3 Nf6 4. e3 Bb4+ 5. Nbd2 b6 6. Be2 Bb7 7. 0-0 0-0 8. Qc2 a5 9. Rd1 Qe8 10. b3 Na6 11. Nf1 Be7 12. a3 Ne4 13. Bb2 d6 14. N3d2 Qg6 15. Bf3 Ra7 16. Ng3 Nxd2 17. Bxb7 Nxb3 18. Qxb3 Rxb7 19. Ne2 c5 20. Nf4 Qf7 21. Qb5 Nb8 22. d5 e5 23. Ne6 Re8 24. Bc3 Bf6 25. Rab1 Qd7 26. Bxa5 Qxb5 27. Rxb5 Nd7 28. Rdb1 Ra8 29. a4 Rba7 30. Bxb6 Rxa4 31. Bc7 Be7 32. Rb7 R8a7 33. g3 e4 34. Kg2 Ne5 35. Nxg7 Kxg7 36. Bxd6 Ng6 37. Bxe7 Rxb7 38. Rxb7 Rxc4 39. Bxc5+ Kg8 40. Rc7 Ne5 41. d6 Rc2 42. Bd4 1-0

[Event "Hamburg-ch Seniors 18th"]
[Site "Hamburg"]
[Date "2011.11.04"]
[Round "7"]
[White "Raedisch, Peter"]
[Black "Weiss, Siegfried"]
[Result "0-1"]
[WhiteElo "1757"]
[BlackElo "2061"]
[PlyCount "126"]
[EventDate "2011.10.29"]
[EventType "swiss"]
[EventRounds "9"]
[EventCountry "GER"]
[SourceTitle "EXT 2015"]
[Source "ChessBase"]
[SourceDate "2014.11.20"]
[SourceVersion "1"]
[SourceVersionDate "2014.11.20"]
[SourceQuality "1"]

1. e4 e6 2. d4 d5 3. e5 c5 4. Bb5+ Bd7 5. Bxd7+ Qxd7 6. c3 Nc6 7. f4 Rc8 8. Nf3 h5 9. 0-0 Nh6 10. Be3 Nf5 11. Bf2 c4 12. a4 Be7 13. Qe1 Qd8 14. Na3 Na5 15. Nd2 a6 16. Nc2 Qb6 17. Rb1 Nb3 18. Ne3 Nxe3 19. Bxe3 f6 20. Qd1 Kd7 21. Qc2 Rc6 22. Nxb3 cxb3 23. Qd1 Rc4 24. Ra1 Rcc8 25. h3 h4 26. Rf2 Rh5 27. Kf1 Rf5 28. Kg1 Rc4 29. Kh1 Kc8 30. Kh2 Kb8 31. Kh1 Ka8 32. Kh2 Rc8 33. Kh1 Rc4 34. Kh2 Ka7 35. Kh1 Rh5 36. Kh2 Rh8 37. Kh1 Rhc8 38. Bd2 Qa5 39. Qxb3 b5 40. Rff1 Rxa4 41. Rxa4 Qxa4 42. Qxa4 bxa4 43. Ra1 Rc4 44. Kg1 Kb6 45. Kf1 Kb5 46. Ke2 Rc7 47. Kd3 Rb7 48. Bc1 Rb8 49. Bd2 Rg8 50. Rf1 Kc6 51. Ke2 Rb8 52. Ra1 Rxb2 53. Rxa4 Kb5 54. Ra1 a5 55. Kd3 a4 56. Ke3 a3 57. Be1 Kc4 58. Bd2 a2 59. Bc1 Rxg2 60. Bd2 Kb3 61. Bc1 Bd8 62. Kf3 Rg3+ 63. Ke2 Rxh3 0-1

[Event "Hamburg-ch Seniors 18th"]
[Site "Hamburg"]
[Date "2011.10.29"]
[Round "1"]
[White "Bobzin, Volker"]
[Black "Weiss, Siegfried"]
[Result "0-1"]
[WhiteElo "1752"]
[BlackElo "2061"]
[PlyCount "64"]
[EventDate "2011.10.29"]
[EventType "swiss"]
[EventRounds "9"]
[EventCountry "GER"]
[SourceTitle "EXT 2015"]
[Source "ChessBase"]
[SourceDate "2014.11.20"]
[SourceVersion "1"]
[SourceVersionDate "2014.11.20"]
[SourceQuality "1"]

1. Nf3 e6 2. g3 f5 3. Bg2 Nf6 4. d4 Bb4+ 5. Bd2 Be7 6. c4 0-0 7. 0-0 c6 8. Nc3 d5 9. cxd5 exd5 10. Bf4 Ne4 11. Qc1 Nd7 12. Nxe4 fxe4 13. Ne5 Nf6 14. f3 Be6 15. g4 Qb6 16. Be3 exf3 17. exf3 Nd7 18. h3 Nxe5 19. dxe5 d4 20. Bf2 g5 21. a3 a5 22. Kh1 Rad8 23. Bg3 d3 24. Qd2 Bd5 25. Bf2 c5 26. Be3 Qg6 27. Qxa5 b6 28. Qc3 h5 29. Qd2 Rf7 30. Rad1 Bb3 31. Rde1 c4 32. Bxb6 Qxb6 0-1

[Event "Hamburg-ch MA"]
[Site "Hamburg"]
[Date "2011.10.08"]
[Round "8.2"]
[White "Hochgraefe, Markus"]
[Black "Weiss, Siegfried"]
[Result "1-0"]
[WhiteElo "2345"]
[BlackElo "2061"]
[PlyCount "95"]
[EventDate "2011.10.09"]
[EventType "swiss"]
[EventRounds "9"]
[EventCountry "GER"]
[SourceTitle "EXT 2012"]
[Source "ChessBase"]
[SourceDate "2011.11.24"]
[SourceVersion "1"]
[SourceVersionDate "2011.11.24"]
[SourceQuality "1"]

1. c4 e6 2. g3 f5 3. Bg2 Nf6 4. Nf3 Be7 5. 0-0 0-0 6. b3 d6 7. d4 Qe8 8. Nc3 Ne4 9. Bb2 Nxc3 10. Bxc3 Bf6 11. Re1 e5 12. dxe5 dxe5 13. Bxe5 Nd7 14. Bxf6 Nxf6 15. Qd4 a5 16. Qe5 c6 17. Qxe8 Rxe8 18. Nd4 Kf8 19. Nxc6 bxc6 20. Bxc6 Bd7 21. Bxa8 Rxa8 22. f3 Bc6 23. a3 Ke7 24. b4 Bd7 25. Rec1 Kd6 26. Kf2 Be6 27. Rab1 axb4 28. axb4 Ra4 29. c5+ Kc7 30. b5 Bc8 31. Ra1 Rb4 32. Ra7+ Kb8 33. Rxg7 Rxb5 34. Rf7 Nd5 35. Rxh7 f4 36. c6 Rb2 37. Rd7 fxg3+ 38. hxg3 Nb4 39. c7+ Kb7 40. Rd4 Nc6 41. Rdc4 Ne5 42. R4c3 Rb6 43. Rh1 Nc6 44. Rh7 Rb2 45. g4 Nd4 46. Re7 Ne6 47. Rc4 Kb6 48. Rxe6+ 1-0

[Event "Hamburg-ch MA"]
[Site "Hamburg"]
[Date "2011.10.07"]
[Round "7.6"]
[White "Wenzel, Birger"]
[Black "Weiss, Siegfried"]
[Result "0-1"]
[WhiteElo "2072"]
[BlackElo "2061"]
[PlyCount "86"]
[EventDate "2011.10.09"]
[EventType "swiss"]
[EventRounds "9"]
[EventCountry "GER"]
[SourceTitle "EXT 2012"]
[Source "ChessBase"]
[SourceDate "2011.11.24"]
[SourceVersion "1"]
[SourceVersionDate "2011.11.24"]
[SourceQuality "1"]

1. d4 e6 2. c4 f5 3. g3 Nf6 4. Bg2 Bb4+ 5. Bd2 Be7 6. Qb3 c6 7. Nf3 0-0 8. 0-0 Ne4 9. Bb4 d6 10. Rd1 a5 11. Be1 d5 12. Nbd2 a4 13. Qc2 a3 14. b3 Nd7 15. Rac1 Qe8 16. e3 Qh5 17. Rb1 g5 18. Nf1 g4 19. N3d2 Ndf6 20. f4 gxf3 21. Nxf3 Bd6 22. b4 Bd7 23. c5 Bc7 24. Rb3 Qh6 25. Rdd3 Be8 26. Rxa3 Bg6 27. Qb2 Rab8 28. Ra7 f4 29. Rb3 fxg3 30. Nxg3 Nh5 31. Nf1 Ng5 32. Nh4 Be4 33. Qe2 Rf7 34. b5 Rbf8 35. Nd2 Bb8 36. Raa3 Rg7 37. Kh1 Bxg2+ 38. Qxg2 Ne4 39. Qh3 Qf6 40. Nhf3 Nxd2 41. Nxd2 Qg6 42. Bg3 Bxg3 43. hxg3 Nxg3+ 0-1

[Event "Hamburg-ch MA"]
[Site "Hamburg"]
[Date "2011.10.03"]
[Round "3.6"]
[White "Weiss, Siegfried"]
[Black "Schroeder, Christoph"]
[Result "1/2-1/2"]
[WhiteElo "2061"]
[BlackElo "2220"]
[PlyCount "67"]
[EventDate "2011.10.09"]
[EventType "swiss"]
[EventRounds "9"]
[EventCountry "GER"]
[SourceTitle "EXT 2012"]
[Source "ChessBase"]
[SourceDate "2011.11.24"]
[SourceVersion "1"]
[SourceVersionDate "2011.11.24"]
[SourceQuality "1"]

1. c4 e5 2. e3 Nf6 3. Nc3 Nc6 4. a3 g6 5. Nf3 Bg7 6. d3 0-0 7. Be2 d5 8. cxd5 Nxd5 9. Bd2 b6 10. Qa4 Bb7 11. Nxd5 Qxd5 12. 0-0 Ne7 13. e4 Qd6 14. b4 a6 15. Rac1 Nc6 16. Qb3 Rac8 17. Rc4 Nd8 18. Rfc1 Ne6 19. Be3 h6 20. Qc2 f5 21. exf5 gxf5 22. Rh4 f4 23. Bd2 c5 24. Qb1 Nd4 25. Nxd4 cxd4 26. Bg4 Rce8 27. Qb3+ Kh7 28. f3 Re7 29. Rh5 Rc7 30. Rxc7 Qxc7 31. Bf5+ Kh8 32. Qe6 Bc8 33. Qg6 Bxf5 34. Rxf5 1/2-1/2

[Event "Hamburg-ch MA"]
[Site "Hamburg"]
[Date "2011.09.30"]
[Round "1.4"]
[White "Weiss, Siegfried"]
[Black "Colpe, Malte"]
[Result "1-0"]
[WhiteElo "2061"]
[BlackElo "2245"]
[PlyCount "81"]
[EventDate "2011.10.09"]
[EventType "swiss"]
[EventRounds "9"]
[EventCountry "GER"]
[SourceTitle "EXT 2012"]
[Source "ChessBase"]
[SourceDate "2011.11.24"]
[SourceVersion "1"]
[SourceVersionDate "2011.11.24"]
[SourceQuality "1"]

1. c4 e6 2. Nf3 d5 3. e3 Nf6 4. Qc2 c5 5. a3 Nc6 6. d3 Be7 7. b3 e5 8. Bb2 d4 9. exd4 exd4 10. Nbd2 0-0 11. Be2 a5 12. 0-0 Nh5 13. Rfe1 Nf4 14. Bf1 f5 15. g3 Ng6 16. Bg2 h5 17. Nf1 Nh8 18. N3d2 g6 19. Bd5+ Kg7 20. Nf3 Bf6 21. Bc1 Ra6 22. Qd2 Nf7 23. Bxf7 Kxf7 24. Ng5+ Bxg5 25. Qxg5 Qxg5 26. Bxg5 Bd7 27. Nd2 Re8 28. Bf4 a4 29. Rxe8 Bxe8 30. bxa4 Rxa4 31. Bd6 b6 32. Nf3 Nb4 33. Re1 Rxa3 34. Re7+ Kf6 35. Rxe8 Rxd3 36. Ne5 Rd1+ 37. Kg2 d3 38. Nd7+ Kf7 39. Re7+ Kg8 40. Nf6+ Kf8 41. Rd7# 1-0

[Event "GER-chT Seniors 19th"]
[Site "Eckernfoerde"]
[Date "2010.09.15"]
[Round "3.4"]
[White "Weiss, Siegfried"]
[Black "Haecker, Johannes"]
[Result "0-1"]
[WhiteElo "2035"]
[BlackElo "2078"]
[PlyCount "54"]
[EventDate "2010.09.13"]
[EventType "team-swiss"]
[EventRounds "7"]
[EventCountry "GER"]
[SourceTitle "EXT 2011"]
[Source "ChessBase"]
[SourceDate "2010.11.26"]
[SourceVersion "1"]
[SourceVersionDate "2010.11.26"]
[SourceQuality "1"]
[WhiteTeam "Hamburg"]
[BlackTeam "Wuerttemberg"]
[WhiteTeamCountry "GER"]
[BlackTeamCountry "GER"]

1. c4 Nf6 2. Nc3 g6 3. g3 Bg7 4. Bg2 e5 5. e3 0-0 6. Nge2 d6 7. 0-0 c6 8. d4 Qc7 9. b4 Nbd7 10. Rb1 Rd8 11. b5 c5 12. d5 Nb6 13. Qd3 Bd7 14. Bd2 Nh5 15. Rb3 f5 16. e4 Rf8 17. f4 Rae8 18. Ra3 Nc8 19. fxe5 Bxe5 20. Bh6 Rf7 21. Qd2 Nb6 22. Qd3 Nc8 23. Kh1 Nf6 24. Rb3 fxe4 25. Nxe4 Bf5 26. Rbb1 Qe7 27. Bg5 Nxe4 0-1

[Event "Hamburg-ch MA"]
[Site "Hamburg"]
[Date "2010.05.22"]
[Round "1.6"]
[White "Weiss, Siegfried"]
[Black "Hebbinghaus, Holger"]
[Result "1/2-1/2"]
[WhiteElo "2053"]
[BlackElo "2202"]
[PlyCount "31"]
[EventDate "2010.05.22"]
[EventType "swiss"]
[EventRounds "9"]
[EventCountry "GER"]
[SourceTitle "EXT 2011"]
[Source "ChessBase"]
[SourceDate "2010.11.26"]
[SourceVersion "1"]
[SourceVersionDate "2010.11.26"]
[SourceQuality "1"]

1. e3 g6 2. c4 Bg7 3. Nc3 Nf6 4. g3 0-0 5. Bg2 c6 6. Nge2 d5 7. cxd5 cxd5 8. d4 Nc6 9. Nf4 e6 10. 0-0 b6 11. b3 Ba6 12. Re1 Qd6 13. Bb2 Rac8 14. h4 h5 15. Nd3 Rfd8 16. Qd2 1/2-1/2

[Event "Hamburg-ch int 12th"]
[Site "Hamburg"]
[Date "2009.06.05"]
[Round "7"]
[White "Sechting, Martin"]
[Black "Weiss, Siegfried"]
[Result "1-0"]
[WhiteElo "2121"]
[BlackElo "2038"]
[PlyCount "91"]
[EventDate "2009.05.30"]
[EventType "swiss"]
[EventRounds "9"]
[EventCountry "GER"]
[SourceTitle "CBM 130 Extra"]
[Source "ChessBase"]
[SourceDate "2009.07.02"]
[SourceVersion "2"]
[SourceVersionDate "2009.07.15"]
[SourceQuality "1"]

1. d4 e6 2. e4 d5 3. e5 c5 4. c3 Nc6 5. Nf3 Qb6 6. a3 c4 7. Nbd2 Na5 8. Rb1 Bd7 9. Be2 Ne7 10. b4 cxb3 11. c4 Ba4 12. c5 Qc6 13. Bb2 Qc7 14. Nf1 Nec6 15. Qd2 Be7 16. Ne3 b6 17. cxb6 Qxb6 18. 0-0 0-0 19. Rfc1 Bb5 20. Bxb5 Qxb5 21. Rc3 Nc4 22. Rxc4 dxc4 23. d5 exd5 24. Nf5 f6 25. e6 d4 26. N3xd4 Rfd8 27. Qf4 Nxd4 28. Nxe7+ Kf8 29. Bxd4 Kxe7 30. Qc7+ Kxe6 31. Re1+ Kf5 32. Bxf6 Rd7 33. g4+ Kg6 34. Qf4 Rf8 35. Qe4+ Kxf6 36. Qe6+ Kg5 37. Re5+ Qxe5 38. Qxe5+ Kxg4 39. h3+ Kh4 40. Qg3+ Kh5 41. Qg4+ Kh6 42. Qxd7 Rf4 43. Qxa7 g6 44. Qe3 g5 45. a4 b2 46. Qb6+ 1-0